Забытый аромат: роман

التفاصيل البيبلوغرافية
المؤلف الرئيسي: Дорош Е. Елена
الملخص:Серафиме Сидоровой не очень везет в жизни: она потеряла и родителей, и родной дом. Единственное, что никто не может у нее отнять, — способность различать запахи. Именно этот дар в конце концов помогает Серафиме найти пристанище и стать ученицей настоящего парфюмера. Знаменитый Константин Верстовский открывает перед ней дверь в волшебный мир ароматов, где Серафима сможет отточить свой редкий талант. Девушка боготворит учителя. Вот только тот ли он, за кого себя выдает? Или в его шкафу спрятаны страшные тайны, которые однажды станут угрозой и для нее самой?
اللغة:الروسية
منشور في: Москва, Эксмо, 2023
سلاسل:Вечерний детектив
الموضوعات:
التنسيق: MixedMaterials كتاب
KOHA link:https://koha.lib.tpu.ru/cgi-bin/koha/opac-detail.pl?biblionumber=669733

MARC

LEADER 00000nam0a2200000 4500
001 669733
005 20240219162510.0
010 |a 978-5-04-175823-3 
090 |a 669733 
100 |a 20231127d2023 m||y0rusy50 ca 
101 |a rus 
102 |a RU 
105 |a y z 000ay 
181 0 |a i   |b  e  
182 0 |a n 
183 0 |a nc  |2 RDAcarrier 
200 1 |a Забытый аромат  |e роман  |f Елена Дорош 
203 |a Текст  |b визуальный  |c непосредственный 
210 |a Москва  |c Эксмо  |d 2023 
215 |a 320 с. 
225 1 |a Вечерний детектив 
283 |a volume  |2 RDAcarrier 
330 |a Серафиме Сидоровой не очень везет в жизни: она потеряла и родителей, и родной дом. Единственное, что никто не может у нее отнять, — способность различать запахи. Именно этот дар в конце концов помогает Серафиме найти пристанище и стать ученицей настоящего парфюмера. Знаменитый Константин Верстовский открывает перед ней дверь в волшебный мир ароматов, где Серафима сможет отточить свой редкий талант. Девушка боготворит учителя. Вот только тот ли он, за кого себя выдает? Или в его шкафу спрятаны страшные тайны, которые однажды станут угрозой и для нее самой? 
606 1 |a Русская литература современная  |9 50316 
610 1 |a художественная литература 
610 1 |a романы 
610 1 |a детективы 
610 1 |a остросюжетные романы 
675 |a Р2  |v 4  |z rus 
700 |a Дорош  |b Е.  |g Елена 
801 0 |a RU  |b 63413507   |c 20240205 
942 |c BK